Информационные технологии в СМИ; Информационные технологии в науке, управлении, социальной сфере и медицине; Ч. 2

Bibliografske podrobnosti
Parent link:Информационные технологии в науке, управлении, социальной сфере и медицине: сборник научных трудов Международной конференции с международным участием , 29 апреля - 2 мая 2014 г., Томск/ Национальный исследовательский Томский политехнический университет (ТПУ).— , 2014
Ч. 2.— 2014.— [С. 364-366]
Glavni avtor: Князьков Е. П.
Korporativna značnica: Национальный исследовательский Томский политехнический университет (ТПУ) Институт социально-гуманитарных технологий (ИСГТ) Кафедра менеджмента (МЕН)
Drugi avtorji: Могильницкая Г. О. Галина Олеговна
Izvleček:Заглавие с титульного экрана
This article discusses information tehnologii the impact on sports journalism. In sports media allocate a number of channels, where technology is applied.
Jezik:ruščina
Izdano: 2014
Serija:Информационные технологии в государственном управлении и социальной сфере
Teme:
Online dostop:http://www.lib.tpu.ru/fulltext/c/2014/C24/V2/141.pdf
Format: Elektronski Book Chapter
KOHA link:https://koha.lib.tpu.ru/cgi-bin/koha/opac-detail.pl?biblionumber=608190

MARC

LEADER 00000naa2a2200000 4500
001 608190
005 20260318093241.0
035 |a (RuTPU)RU\TPU\conf\5620 
035 |a RU\TPU\conf\5619 
090 |a 608190 
100 |a 20140919d2014 k y0rusy50 ca 
101 0 |a rus 
102 |a RU 
135 |a drgn ---uucaa 
181 0 |a i  
182 0 |a b 
200 1 |a Информационные технологии в СМИ  |d Information technology insport Media  |f Е. П. Князьков, Г. О. Могильницкая 
203 |a Текст  |c электронный 
225 1 |a Информационные технологии в государственном управлении и социальной сфере 
300 |a Заглавие с титульного экрана 
320 |a [Библиогр.: с. 366 (7 назв.)] 
330 |a This article discusses information tehnologii the impact on sports journalism. In sports media allocate a number of channels, where technology is applied. 
337 |a Adobe Reader 
461 1 |0 (RuTPU)RU\TPU\conf\4263  |t Информационные технологии в науке, управлении, социальной сфере и медицине  |o сборник научных трудов Международной конференции с международным участием , 29 апреля - 2 мая 2014 г., Томск  |o в 2 ч.  |f Национальный исследовательский Томский политехнический университет (ТПУ)   |d 2014 
463 1 |0 (RuTPU)RU\TPU\conf\4265  |t Ч. 2  |v [С. 364-366]  |d 2014 
510 1 |a Information technology insport Media  |z eng 
610 1 |a труды учёных ТПУ 
610 1 |a электронные ресурсы 
610 1 |a информационные технологии 
610 1 |a СМИ 
610 1 |a средства массовой информации 
610 1 |a спортивные соревнования 
610 1 |a средства связи 
610 1 |a Интернет 
700 1 |a Князьков  |b Е. П. 
701 1 |a Могильницкая  |b Г. О.  |c экономист  |c доцент Томского политехнического университета, кандидат экономических наук  |f 1953-  |g Галина Олеговна  |3 (RuTPU)RU\TPU\pers\29197 
712 0 2 |a Национальный исследовательский Томский политехнический университет (ТПУ)  |b Институт социально-гуманитарных технологий (ИСГТ)  |b Кафедра менеджмента (МЕН)  |3 (RuTPU)RU\TPU\col\18855 
801 2 |a RU  |b 63413507  |c 20140919  |g RCR 
856 4 |u http://www.lib.tpu.ru/fulltext/c/2014/C24/V2/141.pdf 
942 |c BK